000 00360 a2200145 4500
022 _a817094256x
082 _a658
090 _c5149
_d5149
100 _aLaxman, R.K.
245 _aThemanagement of Management
_cR. K. Laxman
260 _aNew Delhi, India
_bVision Books Pvt. Ltd.
_c1987
300 _a96
500 _apapercover
942 _aNBS
_cBK
_k658 LAX
999 _c347569
_d347569